000 00522nam a2200181Ia 4500
003 OSt
005 20240726151546.0
008 210210b1953 xxu||||| |||| 00| 0 eng d
040 _cAL
041 _akan
082 _a859/1612
100 _aRUDRAMUNISVAMI (P M)
_9156033
_dರುದ್ರಮುನಿಸ್ವಾಮಿ (ಪಿ ಎಂ)
245 _aBenda jivi:
_bಬೆಂದ ಜೀವಿ
260 _aMangaluru
_bViveka Sahitya Male
_c1953
690 _aKannada Fiction
_9156034
906 _a022336
942 _2ddc
_cBK
999 _c146654
_d146654